Ž semafor mesačník zamestnancov Železníc Slovenskej republiky
| Previous Title: | Železničiar |
|---|---|
| Format: | Journal |
| Language: | Slovak |
| PhysicalDescription: | zv. 30 cm |
| Published: |
Bratislava
Československá doprava
1991-
Bratislava Železnice Slovenskej republiky Bratislava Správa Východnej dráhy Bratislava Riaditeľstvo železníc SR Bratislava Generálne riaditeľstvo Železníc SR |
| ISSN: | 1338-323X vtls008882737 |
| Subjects: | |
| Online Access: | https://www.vlaky.net/zeleznice/spravy/001678-Z-semafor-archiv/ |
MARC
| LEADER | 00000cas a2200000 a 4500 | ||
|---|---|---|---|
| 001 | vtls001470205 | ||
| 003 | SK-MaSNL | ||
| 005 | 20260506061458.0 | ||
| 008 | 170620c19919999xo mr p 0 0b0slo | ||
| 022 | |a 1338-323X | ||
| 035 | |a SNK000425510 | ||
| 035 | |a (SVKBB03)vtls000031563 | ||
| 040 | |a SNK |b slo |c SNK |d SVKBB |d SVKPO |e AACR2 | ||
| 041 | 0 | |a slo | |
| 043 | |a e-xo--- | ||
| 044 | |a xo |c SK | ||
| 072 | 7 | |a 656.2 |x Železničná doprava |2 konspekt | |
| 080 | |a 656.2 |2 2011 | ||
| 080 | |a 050 |2 2011 | ||
| 080 | |a (437.6) |2 2011 | ||
| 210 | 0 | |a Železn. semafor | |
| 222 | 0 | |a Železničný semafor | |
| 245 | 0 | 0 | |a Ž semafor |b mesačník zamestnancov Železníc Slovenskej republiky |
| 246 | 1 | 3 | |a Železničný semafor |f 2004- |
| 260 | |a Bratislava |b Československá doprava |c 1991- | ||
| 260 | 2 | |3 1993-? |a Bratislava |b Železnice Slovenskej republiky | |
| 260 | 2 | |3 1971-1990 |a Bratislava |b Správa Východnej dráhy | |
| 260 | 2 | |3 1991-2014 |a Bratislava |b Riaditeľstvo železníc SR | |
| 260 | 3 | |3 2015- |a Bratislava |b Generálne riaditeľstvo Železníc SR | |
| 300 | |a zv. |c 30 cm | ||
| 310 | |a 1x mesačne |b 2004- | ||
| 321 | |a 1x týždenne |b 1991-1992 | ||
| 321 | |a 2x mesačne |b 1993-2003 | ||
| 362 | 0 | |a Roč. 1 (36), č. 1 (1991)- | |
| 500 | |a Šéfredaktori sa menia | ||
| 500 | |a Zmena podnázvu: 1/1991, noviny pre železničiarov a cestujúcich ; 1991, tyždenník železničiarov na Slovensku ; 1992-1996, noviny železničiarov na Slovensku | ||
| 500 | |a Registračné č.: BMP-15 | ||
| 500 | |a Od č. august/september 2021 zmena formátu na 27 cm | ||
| 650 | 0 | 7 | |a železnice |2 SNKPH |9 20511 |
| 650 | 0 | 7 | |a železničná doprava |2 SNKPH |9 3185 |
| 651 | 7 | |a Slovensko |2 SNKPHgeo |9 14231 | |
| 655 | 7 | |a špecializované časopisy |2 SNKPH |9 70509 | |
| 780 | 0 | 0 | |t Železničiar |x vtls008882737 |
| 856 | 4 | 1 | |u https://www.vlaky.net/zeleznice/spravy/001678-Z-semafor-archiv/ |
| 910 | |a snk | ||
| 910 | |a svkbb | ||
| 910 | |a avkpo | ||
| 916 | |a 1991-2014 | ||
| 999 | |c 4934 |d 6864 | ||
| 952 | |t č. 1-26 |a SNK |b SNK |y PREZ |7 0 |p 17A0626492 |o snkČSA 895/4/1994 |i snkČSP 1213/1998 |f 1 |0 0 |1 0 |4 0 |d 2009-09-24 |l 0 |r 2026-02-21 19:42:19 |w 2026-02-21 | ||
| 952 | |t č. 1-25 |a SNK |b SNK |y PREZ |7 0 |p 17A0626491 |o snkČSA 895/5/1995 D1 |i snkČSP 1212/1998 |0 0 |1 0 |4 0 |d 2009-09-24 |l 0 |r 2026-02-21 19:42:19 |w 2026-02-21 | ||
| 952 | |t č. 1-23 |a SNK |b SNK |y PREZ |7 0 |p 17A0626626 |o snkČSA 895/6/1996 D1 |i snkČSP 1208/1998 |0 0 |1 0 |4 0 |d 2009-09-24 |l 0 |r 2026-02-21 19:42:19 |w 2026-02-21 | ||
| 952 | |t č. 1-24, neúpl. |a SNK |b SNK |y PREZ |7 0 |p 17A0626422 |o snkČSA 895/8/1998 D1 |i snk2004/1140 |8 0 |0 0 |1 0 |4 0 |d 2009-09-24 |l 0 |r 2026-02-21 19:42:19 |w 2026-02-21 | ||
| 952 | |t č. 1-24, úpl. |a SNK |b SNK |y PREZ |7 0 |p 17A0626421 |o snkČSA 895/9/1999 D1 |i snk2002/2532 |0 0 |1 0 |4 0 |d 2009-09-24 |l 0 |r 2026-02-21 19:42:20 |w 2026-02-21 | ||
| 952 | |t č. jan.-dec. |a SNK |b SNK |y PREZ |7 0 |p 17A1521164 |o snkČSA 895/29/2021 |i snk2023/11923 |8 0 |0 0 |1 0 |4 0 |d 2023-08-10 |l 0 |r 2026-02-21 19:51:45 |w 2026-02-21 | ||
| 952 | |t č. jan.-dec. |a SNK |b SNK |y PREZ |7 0 |p 17A1521165 |o snkČSA 895/30/2022 |i snk2023/11924 |8 0 |0 0 |1 0 |4 0 |d 2023-08-10 |l 0 |r 2026-02-21 19:51:45 |w 2026-02-21 | ||
| 952 | |t č. jan.-dec. |a SNK |b SNK |y PREZ |7 0 |p 17A1433788 |o snkČSA 895/26/2018 D1 |i snk2021/4553 |8 0 |0 0 |1 0 |4 0 |d 2021-05-13 |l 0 |r 2026-02-21 19:58:53 |w 2026-02-21 | ||
| 952 | |t č. jan.-dec. |a SNK |b SNK |y PREZ |7 0 |p 17A1461545 |o snkČSA 895/27/2019 |i snk2022/3585 |8 0 |0 0 |1 0 |4 0 |d 2022-03-08 |l 0 |r 2026-02-21 20:01:39 |w 2026-02-21 | ||
| 952 | |t č. jan.-dec., neúplné |a SNK |b SNK |y PREZ |7 0 |p 17A1461546 |o snkČSA 895/28/2020 |i snk2022/3588 |8 0 |z Chýba č. 6-7 - dostupné len v elektronickej podobe na odd. sprac. seriálov |0 0 |1 0 |4 0 |d 2022-03-08 |l 0 |r 2026-02-21 20:01:39 |w 2026-02-21 | ||
| 952 | |t č. 1-24 |a SNK |b SNK |y PREZ |7 0 |p 17A0626423 |o snkČSA 895/7/1997 D1 |i snkČSP 1210/1998 |0 0 |1 0 |4 0 |d 2009-09-24 |l 0 |r 2026-02-21 20:14:54 |w 2026-02-21 | ||
| 952 | |t č. 1-25, úpl. |a SNK |b SNK |y PREZ |7 0 |p 17A0626419 |o snkČSA 895/10/2000 D1 |i snk2002/2528 |0 0 |1 0 |4 0 |d 2009-09-24 |l 0 |r 2026-02-21 20:14:54 |w 2026-02-21 | ||
| 952 | |t č. 1-12 |a SNK |b SNK |y PREZ |7 0 |p 17A1368265 |o snkČSA 895/26/2016 D1 |i snk2019/14730 |8 0 |z Na obale číslovanie: jan.-dec. |0 0 |1 0 |4 0 |d 2019-05-29 |l 0 |r 2026-02-21 20:15:54 |w 2026-02-21 | ||
| 952 | |t č. 1-24, úpl. |a SNK |b SNK |y PREZ |7 0 |p 17A0626420 |o snkČSA 895/11/2001 D1 |i snk2002/2530 |0 0 |1 0 |4 0 |d 2009-09-24 |l 0 |r 2026-02-21 20:16:07 |w 2026-02-21 | ||
| 952 | |t č. 1-38 |a SNK |b SNK |y PREZ |7 0 |p 17A0106314 |o snkČSA 895/3/1993 |i snkČSP 3072/1994 |f 1 |0 0 |1 0 |4 0 |d 1997-11-03 |l 0 |r 2005-01-02 00:00:00 |w 2026-02-21 | ||
| 952 | |a SNK |b SNK |y PREZ |7 0 |p 17A0188652 |o snkČSA 895/3/1993 D1 |0 0 |1 0 |4 0 |d 1999-04-12 |l 0 |r 2005-01-02 00:00:00 |w 2026-02-21 | ||
| 952 | |t č. 1-44 |a SNK |b SNK |y PREZ |7 0 |p 17A0106703 |o snkČSA 895/2/(37)/1992 |i snkČSP 2291/1993 |f 1 |0 0 |1 0 |4 0 |d 1997-11-03 |l 0 |r 2005-01-02 00:00:00 |w 2026-02-21 | ||
| 952 | |a SNK |b SNK |y PREZ |7 0 |p 17A0360359 |o snkČSA 895/4/1994 D1 |0 0 |1 0 |4 0 |d 2002-10-17 |l 0 |r 2005-01-02 00:00:00 |w 2026-02-21 | ||
| 952 | |t č. jan.-dec. |a SNK |b SNK |y PREZ |7 0 |p 17A1462902 |o snkČSA 895/27/2019 D1 |i snk2022/5472 |8 0 |0 0 |1 0 |4 0 |d 2022-04-12 |l 0 |r 2026-02-21 21:16:36 |w 2026-02-21 | ||
| 952 | |t č. jan.-dec., neúplné |a SNK |b SNK |y PREZ |7 0 |p 17A1462903 |o snkČSA 895/28/2020 D1 |i snk2022/5473 |8 0 |z Chýba č. 6-7 - dostupné len v elektronickej podobe na odd. sprac. seriálov |0 0 |1 0 |4 0 |d 2022-04-12 |l 0 |r 2026-02-21 21:16:36 |w 2026-02-21 | ||
| 952 | |t č. 1-24 |a SNK |b SNK |y PREZ |7 0 |p 17A1143727 |o snkČSA 895/12/2002 D1 |i snk2015/18031 |8 0 |0 0 |1 0 |4 0 |d 2015-06-10 |l 0 |r 2026-02-21 21:45:28 |w 2026-02-21 | ||
| 952 | |t č. 1-24, neúplné |a SNK |b SNK |y PREZ |7 0 |p 17A1143728 |o snkČSA 895/13/2003 |i snk2015/18037 |8 0 |z chýba č. 4-7, 15, 21 |f 1 |0 0 |1 0 |4 0 |d 2015-06-10 |l 0 |r 2026-02-21 21:45:28 |w 2026-02-21 | ||
| 952 | |t č. 1-24, neúplné |a SNK |b SNK |y PREZ |7 0 |p 17A1316630 |o snkČSA 895/13/2003 D1 |i snk2015/18038 |8 0 |z chýba č. 4-7, 10, 15, 19, 21 |0 0 |1 0 |4 0 |d 2015-06-10 |l 0 |r 2026-02-21 21:45:28 |w 2026-02-21 | ||
| 952 | |t č. 1-12 |a SNK |b SNK |y PREZ |7 0 |p 17A1143730 |o snkČSA 895/14/2004 |i snk2015/18039 |8 0 |f 1 |0 0 |1 0 |4 0 |d 2015-06-10 |l 0 |r 2026-02-21 21:45:46 |w 2026-02-21 | ||
| 952 | |t č. 1-12 |a SNK |b SNK |y PREZ |7 0 |p 17A1143731 |o snkČSA 895/14/2004 D1 |i snk2015/18040 |8 0 |0 0 |1 0 |4 0 |d 2015-06-10 |l 0 |r 2026-02-21 21:45:46 |w 2026-02-21 | ||
| 952 | |t č. 1-12 |a SNK |b SNK |y PREZ |7 0 |p 17A1143732 |o snkČSA 895/15/2005 |i snk2015/18046 |8 0 |f 1 |0 0 |1 0 |4 0 |d 2015-06-10 |l 0 |r 2026-02-21 21:45:46 |w 2026-02-21 | ||
| 952 | |t č. 1-12 |a SNK |b SNK |y PREZ |7 0 |p 17A1143733 |o snkČSA 895/15/2005 D1 |i snk2015/18049 |8 0 |0 0 |1 0 |4 0 |d 2015-06-10 |l 0 |r 2026-02-21 21:45:46 |w 2026-02-21 | ||
| 952 | |t č. 1-12 |a SNK |b SNK |y PREZ |7 0 |p 17A1143734 |o snkČSA 895/16/2006 |i snk2015/18051 |8 0 |f 1 |0 0 |1 0 |4 0 |d 2015-06-10 |l 0 |r 2026-02-21 21:45:46 |w 2026-02-21 | ||
| 952 | |t č. 1-12 |a SNK |b SNK |y PREZ |7 0 |p 17A1143735 |o snkČSA 895/16/2006 D1 |i snk2015/18052 |8 0 |0 0 |1 0 |4 0 |d 2015-06-10 |l 0 |r 2026-02-21 21:45:46 |w 2026-02-21 | ||
| 952 | |t č. 1-12 |a SNK |b SNK |y PREZ |7 0 |p 17A1143736 |o snkČSA 895/17/2007 |i snk2015/18054 |8 0 |f 1 |0 0 |1 0 |4 0 |d 2015-06-10 |l 0 |r 2026-02-21 21:45:46 |w 2026-02-21 | ||
| 952 | |t č. 1-12 |a SNK |b SNK |y PREZ |7 0 |p 17A1143737 |o snkČSA 895/17/2007 D1 |i snk2015/18056 |8 0 |0 0 |1 0 |4 0 |d 2015-06-10 |l 0 |r 2026-02-21 21:45:46 |w 2026-02-21 | ||
| 952 | |t č. 1-12 |a SNK |b SNK |y PREZ |7 0 |p 17A1143738 |o snkČSA 895/18/2008 |i snk2015/18057 |8 0 |f 1 |0 0 |1 0 |4 0 |d 2015-06-10 |l 0 |r 2026-02-21 21:45:46 |w 2026-02-21 | ||
| 952 | |t č. 1-12, neúplný |a SNK |b SNK |y PREZ |7 0 |p 17A1316629 |o snkČSA 895/18/2008 D1 |i snk2015/18059 |8 0 |z chýba č. 10 |0 0 |1 0 |4 0 |d 2015-06-10 |l 0 |r 2026-02-21 21:45:46 |w 2026-02-21 | ||
| 952 | |t č. 1-12 |a SNK |b SNK |y PREZ |7 0 |p 17A1143740 |o snkČSA 895/19/2009 |i snk2015/18073 |8 0 |f 1 |0 0 |1 0 |4 0 |d 2015-06-10 |l 0 |r 2026-02-21 21:45:46 |w 2026-02-21 | ||
| 952 | |t č. 1-12 |a SNK |b SNK |y PREZ |7 0 |p 17A1143741 |o snkČSA 895/19/2009 D1 |i snk2015/18075 |8 0 |0 0 |1 0 |4 0 |d 2015-06-10 |l 0 |r 2026-02-21 21:45:46 |w 2026-02-21 | ||
| 952 | |t č. 1-12 |a SNK |b SNK |y PREZ |7 0 |p 17A1143742 |o snkČSA 895/20/2010 |i snk2015/18081 |8 0 |f 1 |0 0 |1 0 |4 0 |d 2015-06-10 |l 0 |r 2026-02-21 21:45:46 |w 2026-02-21 | ||
| 952 | |t č. 1-12 |a SNK |b SNK |y PREZ |7 0 |p 17A1143743 |o snkČSA 895/20/2010 D1 |i snk2015/18084 |8 0 |0 0 |1 0 |4 0 |d 2015-06-10 |l 0 |r 2026-02-21 21:45:46 |w 2026-02-21 | ||
| 952 | |t č. 1-12 |a SNK |b SNK |y PREZ |7 0 |p 17A1143744 |o snkČSA 895/21/2011 |i snk2015/18094 |8 0 |f 1 |0 0 |1 0 |4 0 |d 2015-06-10 |l 0 |r 2026-02-21 21:45:47 |w 2026-02-21 | ||
| 952 | |t č. 1-12 |a SNK |b SNK |y PREZ |7 0 |p 17A1143745 |o snkČSA 895/21/2011 D1 |i snk2015/18097 |8 0 |0 0 |1 0 |4 0 |d 2015-06-10 |l 0 |r 2026-02-21 21:45:47 |w 2026-02-21 | ||
| 952 | |t č. 1-12 |a SNK |b SNK |y PREZ |7 0 |p 17A1143746 |o snkČSA 895/22/2012 |i snk2015/18098 |8 0 |f 1 |0 0 |1 0 |4 0 |d 2015-06-10 |l 0 |r 2026-02-21 21:45:47 |w 2026-02-21 | ||
| 952 | |t č. 1-12 |a SNK |b SNK |y PREZ |7 0 |p 17A1144703 |o snkČSA 895/22/2012 D1 |i snk2015/18099 |8 0 |0 0 |1 0 |4 0 |d 2015-06-10 |l 0 |r 2026-02-21 21:45:47 |w 2026-02-21 | ||
| 952 | |t č. 1-12 |a SNK |b SNK |y PREZ |7 0 |p 17A1144704 |o snkČSA 895/23/2013 |i snk2015/18100 |8 0 |f 1 |0 0 |1 0 |4 0 |d 2015-06-10 |l 0 |r 2026-02-21 21:45:47 |w 2026-02-21 | ||
| 952 | |t č. 1-12 |a SNK |b SNK |y PREZ |7 0 |p 17A1144705 |o snkČSA 895/23/2013 D1 |i snk2015/18127 |8 0 |0 0 |1 0 |4 0 |d 2015-06-10 |l 0 |r 2026-02-21 21:45:47 |w 2026-02-21 | ||
| 952 | |t č. 1-12 |a SNK |b SNK |y PREZ |7 0 |p 17A1144706 |o snkČSA 895/24/2014 |i snk2015/18130 |8 0 |f 1 |0 0 |1 0 |4 0 |d 2015-06-10 |l 0 |r 2026-02-21 21:45:47 |w 2026-02-21 | ||
| 952 | |t č. 1-13 |a SNK |b SNK |y PREZ |7 0 |p 17A0771623 |o snkČSA 895/1(36)/1991 |i snkČSP 1716/1992 |f 1 |0 0 |1 0 |4 0 |d 2015-06-09 |l 0 |r 2026-02-21 21:45:52 |w 2026-02-21 | ||
| 952 | |t č. 1-25 |a SNK |b SNK |y PREZ |7 0 |p 17A0790181 |o snkČSA 895/5/1995 |i snkČSP 1211/1998 |f 1 |0 0 |1 0 |4 0 |d 2015-06-09 |l 0 |r 2026-02-21 21:45:52 |w 2026-02-21 | ||
| 952 | |t č. 1-23 |a SNK |b SNK |y PREZ |7 0 |p 17A0790182 |o snkČSA 895/6/1996 |i snkČSP 1207/1998 |f 1 |0 0 |1 0 |4 0 |d 2015-06-09 |l 0 |r 2026-02-21 21:45:52 |w 2026-02-21 | ||
| 952 | |t č. 1-24 |a SNK |b SNK |y PREZ |7 0 |p 17A0790183 |o snkČSA 895/7/1997 |i snkČSP 1209/1998 |f 1 |0 0 |1 0 |4 0 |d 2015-06-09 |l 0 |r 2026-02-21 21:45:52 |w 2026-02-21 | ||
| 952 | |t č. 1-24 |a SNK |b SNK |y PREZ |7 0 |p 17A0789795 |o snkČSA 895/8/1998 |i snkČSP 1139/2004 |f 1 |0 0 |1 0 |4 0 |d 2015-06-09 |l 0 |r 2026-02-21 21:45:52 |w 2026-02-21 | ||
| 952 | |t č. 1-24 |a SNK |b SNK |y PREZ |7 0 |p 17A0790184 |o snkČSA 895/9/1999 |i snkČSP 2531/2002 |f 1 |0 0 |1 0 |4 0 |d 2015-06-09 |l 0 |r 2026-02-21 21:45:52 |w 2026-02-21 | ||
| 952 | |t č. 1-25 |a SNK |b SNK |y PREZ |7 0 |p 17A0790185 |o snkČSA 895/10/2000 |i snkČSP 2527/2002 |f 1 |0 0 |1 0 |4 0 |d 2015-06-09 |l 0 |r 2026-02-21 21:45:52 |w 2026-02-21 | ||
| 952 | |t č. 1-24 |a SNK |b SNK |y PREZ |7 0 |p 17A1143725 |o snkČSA 895/11/2001 |i snkČSP 2529/2002 |f 1 |0 0 |1 0 |4 0 |d 2015-06-09 |l 0 |r 2026-02-21 21:45:52 |w 2026-02-21 | ||
| 952 | |t č. 1-24 |a SNK |b SNK |y PREZ |7 0 |p 17A1143726 |o snkČSA 895/12/2002 |i snk2015/17932 |8 0 |f 1 |0 0 |1 0 |4 0 |d 2015-06-09 |l 0 |r 2026-02-21 21:45:52 |w 2026-02-21 | ||
| 952 | |t č. 1-12 |a SNK |b SNK |y PREZ |7 0 |p 17A1204434 |o snkČSA 895/24/2014 D1 |i snk2016/28892 |8 0 |0 0 |1 0 |4 0 |d 2016-12-16 |l 0 |r 2026-02-21 21:47:45 |w 2026-02-21 | ||
| 952 | |t č. 1-12 |a SNK |b SNK |y PREZ |7 0 |p 17A1204435 |o snkČSA 895/25/2015 |i snk2016/28893 |8 0 |0 0 |1 0 |4 0 |d 2016-12-16 |l 0 |r 2026-02-21 21:47:45 |w 2026-02-21 | ||
| 952 | |t č. jan.-dec. |a SNK |b SNK |y PREZ |7 0 |p 17A1368266 |o snkČSA 895/25/2017 |i snk2019/14755 |8 0 |z Ročníkovanie časopisu je posunuté dozadu - roč. 25 ... atď. |0 0 |1 0 |4 0 |d 2019-05-29 |l 0 |r 2026-02-21 22:07:01 |w 2026-02-21 | ||
| 952 | |t č. jan.-dec. |a SNK |b SNK |y PREZ |7 0 |p 17A1368267 |o snkČSA 895/26/2018 |i snk2019/14759 |8 0 |0 0 |1 0 |4 0 |d 2019-05-29 |l 0 |r 2026-02-21 22:07:01 |w 2026-02-21 | ||
| 952 | |t č. 1-12 |a SNK |b SNK |y PREZ |7 0 |p 17A1206941 |o snkČSA 895/25/2015 D1 |i snk2017/11813 |8 0 |0 0 |1 0 |4 0 |d 2017-05-22 |l 0 |r 2026-02-21 22:10:37 |w 2026-02-21 | ||
| 952 | |t č. 1-12 |a SNK |b SNK |y PREZ |7 0 |p 17A1207320 |o snkČSA 895/26/2016 |i snk2017/11814 |8 0 |0 0 |1 0 |4 0 |d 2017-05-22 |l 0 |r 2026-02-21 22:10:37 |w 2026-02-21 | ||
| 952 | |t č. jan.-dec. |a SNK |b SNK |y PREZ |7 0 |p 17A1369530 |o snkČSA 895/25/2017 D1 |i snk2019/19060 |8 0 |0 0 |1 0 |4 0 |d 2019-07-19 |l 0 |r 2026-02-21 22:21:45 |w 2026-02-21 | ||


